000 00706nam a2200289Ia 4500
005 20260324125637.0
008 008 260324s9999 xx 000 0 eng d
020 _a9780203926758
037 _aEBOOK
040 _aCRL
040 _beng
040 _cCRL
041 _2eng
041 _aeng
084 _qCRL
100 _aShahram Akbarzadeh; Benjamin MacQueen
_91178756
245 0 _aIslam and Human Rights in Practice
245 0 _bPerspectives Across the Ummah
260 _bTaylor and Francis
260 _c2008
365 _a
365 _b265
856 _uhttp://www.taylorfrancis.com/books/9780203926758
942 _cEBOOK
999 _c1774215
_d1774215